Statistics for All Hadestown Songs

Click here to take the quiz!

General Stats

  • This quiz has been taken 412 times
  • The average score is 27 of 33

Answer Stats

#Song% Correct
15Wait for Me
97%
30Wait for Me (Reprise)
97%
4Wedding Song
93%
8Way Down Hadestown
90%
18Way Down Hadestown (Reprise)
90%
11Chant
89%
25Chant (Reprise)
89%
5Epic I
89%
10Epic II
89%
26Epic III
89%
1Road to Hell
89%
32Road to Hell (Reprise)
89%
2Any Way the Wind Blows
87%
3Come Home With Me
87%
20Come Home With Me (Reprise)
87%
12Hey, Little Songbird
87%
19Flowers
86%
17Our Lady of the Underground
84%
31Doubt Comes In
82%
16Why We Build the Wall
82%
13When the Chips are Down
80%
6Livin' it Up on Top
79%
33We Raise our Cups
79%
21Papers
74%
7All I've Ever Known
72%
23If It's True
72%
24How Long?
71%
14Gone, I'm Gone
64%
9A Gathering Storm
63%
27Promises
63%
28Word to the Wise
63%
29His Kiss, the Riot
62%
22Nothing Changes
57%

Score Distribution

Percentile by Number Answered

Percent of People with Each Score

Your Score History

You have not taken this quiz